| 000 | 00619nam a2200193Ia 4500 | ||
|---|---|---|---|
| 003 | IN-BaIIA | ||
| 008 | 211028s9999 xx 000 0 eng d | ||
| 040 | _cIIA Library | ||
| 080 |
_a083.7:696.14 _bISI |
||
| 110 | _aIndian Standards Institution | ||
| 245 | 0 |
_aIndian standard code of practice for selection installation and maintenance of sanitary appliances _cIndian Standards Institution |
|
| 260 |
_aNew Delhi _bIndian Standards Institution _c1973 |
||
| 300 | _a23p. | ||
| 500 | _aIS 2064 : 1973 | ||
| 650 |
_a Sanitary Appliances _98864 |
||
| 650 | _a Standards | ||
| 650 | _aNASA Thesaurus | ||
| 942 | _cBK | ||
| 999 |
_c4959 _d4959 |
||